[Event "Mogi das Cruzes op 09"]
[Site "Mogi das Cruzes"]
[Date "2013.09.27"]
[Round "2"]
[White "Barbosa, Evandro Amorim"]
[Black "Da Silva, Paolo Ghiu M Rego"]
[Result "1-0"]
[WhiteElo "2454"]
[BlackElo "2128"]
[PlyCount "61"]
[EventDate "2013.09.26"]
[EventType "swiss"]
[EventRounds "7"]
[EventCountry "BRA"]
[SourceTitle "CBM 156 Extra"]
[Source "ChessBase"]
[SourceDate "2013.10.22"]
[SourceVersion "1"]
[SourceVersionDate "2013.10.22"]
[SourceQuality "1"]

1. e4 c5 2. Nf3 d6 3. Bb5+ Bd7 4. Bxd7+ Qxd7 5. O-O Nc6 6. Qe2 Nf6 7. Rd1 e6 8.
d4 cxd4 9. Nxd4 Nxd4 10. Rxd4 Qc6 11. Nc3 Rc8 12. Bg5 Be7 13. Rad1 a6 14. Bxf6
gxf6 15. Qg4 Kf8 16. Qh5 h6 17. R4d3 Qc5 18. Qh3 Rc6 19. Ne2 Qb6 20. Nd4 Rc5
21. b3 Re5 22. Qf3 Kg7 23. Qe3 Kh7 24. f4 Ra5 25. g4 d5 26. Kh1 dxe4 27. Qxe4+
f5 28. Nxf5 exf5 29. Qxe7 Rg8 30. Rd6 Qf2 31. Qxf7+ 1-0

[Event "Mogi das Cruzes op 09"]
[Site "Mogi das Cruzes"]
[Date "2013.09.27"]
[Round "3"]
[White "Tsuboi, Edson Kenji"]
[Black "Barbosa, Evandro Amorim"]
[Result "0-1"]
[WhiteElo "2256"]
[BlackElo "2454"]
[PlyCount "76"]
[EventDate "2013.09.26"]
[EventType "swiss"]
[EventRounds "7"]
[EventCountry "BRA"]
[SourceTitle "CBM 156 Extra"]
[Source "ChessBase"]
[SourceDate "2013.10.22"]
[SourceVersion "1"]
[SourceVersionDate "2013.10.22"]
[SourceQuality "1"]

1. c4 c5 2. g3 Nc6 3. Bg2 g6 4. Nc3 Bg7 5. e4 d6 6. Nge2 Nf6 7. d3 O-O 8. O-O
a6 9. Rb1 Rb8 10. a3 b5 11. cxb5 axb5 12. b4 cxb4 13. axb4 Bg4 14. Be3 Bxe2 15.
Qxe2 Nd7 16. Rfc1 Nd4 17. Qd2 e6 18. Ne2 Qb6 19. Nxd4 Bxd4 20. Bxd4 Qxd4 21.
Qc3 Qb6 22. d4 Nf6 23. h3 Kg7 24. e5 dxe5 25. dxe5 Nd7 26. Re1 Rbc8 27. Qd2
Rfd8 28. Qf4 Rc4 29. Re4 Rxe4 30. Qxe4 Rc8 31. Bf1 Rc3 32. Kg2 Ra3 33. Rb2 Ra1
34. Rd2 Qc7 35. Be2 Re1 36. Qf4 Nxe5 37. Bf3 Qc3 38. Re2 Nxf3 0-1

[Event "Mogi das Cruzes op 09"]
[Site "Mogi das Cruzes"]
[Date "2013.09.28"]
[Round "4"]
[White "Barbosa, Evandro Amorim"]
[Black "Molina, Roberto Junio Brito"]
[Result "1/2-1/2"]
[WhiteElo "2454"]
[BlackElo "2421"]
[PlyCount "52"]
[EventDate "2013.09.26"]
[EventType "swiss"]
[EventRounds "7"]
[EventCountry "BRA"]
[SourceTitle "CBM 156 Extra"]
[Source "ChessBase"]
[SourceDate "2013.10.22"]
[SourceVersion "1"]
[SourceVersionDate "2013.10.22"]
[SourceQuality "1"]

1. e4 e5 2. Nf3 Nc6 3. Bb5 a6 4. Ba4 Nf6 5. O-O Be7 6. Re1 b5 7. Bb3 O-O 8. a4
Bb7 9. d3 d6 10. Nbd2 Na5 11. Ba2 c5 12. Nf1 b4 13. Ne3 Bc8 14. c3 Rb8 15. Nd2
Nc6 16. Nd5 Nxd5 17. Bxd5 Na5 18. Nc4 Nxc4 19. Bxc4 Bg5 20. a5 Bxc1 21. Qxc1
bxc3 22. bxc3 Be6 23. Bxe6 fxe6 24. Qc2 Rc8 25. Qa2 Qd7 26. Reb1 Rf6 1/2-1/2

[Event "Mogi das Cruzes op 09"]
[Site "Mogi das Cruzes"]
[Date "2013.09.28"]
[Round "5"]
[White "Pinto, Rendrex Lopes"]
[Black "Barbosa, Evandro Amorim"]
[Result "0-1"]
[WhiteElo "2002"]
[BlackElo "2454"]
[PlyCount "92"]
[EventDate "2013.09.26"]
[EventType "swiss"]
[EventRounds "7"]
[EventCountry "BRA"]
[SourceTitle "CBM 156 Extra"]
[Source "ChessBase"]
[SourceDate "2013.10.22"]
[SourceVersion "1"]
[SourceVersionDate "2013.10.22"]
[SourceQuality "1"]

1. Nf3 c5 2. b3 d5 3. e3 a6 4. Bb2 Nc6 5. d4 Nf6 6. Nbd2 Bg4 7. h3 Bh5 8. Be2
e6 9. O-O Be7 10. Ne5 Bxe2 11. Qxe2 O-O 12. f4 Rc8 13. a3 Qb6 14. Ndf3 Rc7 15.
Nxc6 Rxc6 16. dxc5 Qxc5 17. c4 Qb6 18. Bd4 Qxb3 19. Rfb1 Qxc4 20. Qe1 Nd7 21.
Rxb7 Rc7 22. Rbb1 Rfc8 23. Qg3 Bf6 24. Rc1 Qxc1+ 25. Rxc1 Rxc1+ 26. Kh2 g6 27.
f5 exf5 28. Qd6 Bxd4 29. exd4 R8c7 30. h4 h5 31. Ng5 Kg7 32. Qe7 Nf8 33. Qd6
Rd7 34. Qxa6 Rd8 35. a4 Nh7 36. Nf3 Nf6 37. Kg3 Rd6 38. Qa8 Rd7 39. Qa6 Rcc7
40. Qb6 Rb7 41. Qa6 Ra7 42. Qb5 Ra8 43. Ne5 Rda7 44. Nd3 Rxa4 45. Nb4 Ra3+ 46.
Kf4 Re8 0-1

[Event "Mogi das Cruzes op 09"]
[Site "Mogi das Cruzes"]
[Date "2013.09.29"]
[Round "6"]
[White "Barbosa, Evandro Amorim"]
[Black "Perdomo, Leandro Daniel"]
[Result "1/2-1/2"]
[WhiteElo "2454"]
[BlackElo "2391"]
[PlyCount "53"]
[EventDate "2013.09.26"]
[EventType "swiss"]
[EventRounds "7"]
[EventCountry "BRA"]
[SourceTitle "CBM 156 Extra"]
[Source "ChessBase"]
[SourceDate "2013.10.22"]
[SourceVersion "1"]
[SourceVersionDate "2013.10.22"]
[SourceQuality "1"]

1. e4 e5 2. Nf3 Nc6 3. d4 exd4 4. Nxd4 Qf6 5. Nb5 Bc5 6. Qe2 Bb6 7. N1c3 Nge7
8. Be3 Ba5 9. Qd2 a6 10. Nd4 O-O 11. f4 d5 12. e5 Qh6 13. O-O-O Nxd4 14. Bxd4
b6 15. Be3 Bf5 16. Qf2 Qc6 17. Bd4 Qb7 18. Qf3 c5 19. Bf2 Bxc3 20. Qxc3 d4 21.
Qd2 Nd5 22. Be2 Nb4 23. Bf3 Qd7 24. a3 Qa4 25. g4 Nxc2 26. Kb1 Ne3+ 27. Kc1
1/2-1/2

[Event "Sao Sebastiao op"]
[Site "Sao Sebastiao"]
[Date "2013.10.04"]
[Round "1"]
[White "Barbosa, Evandro Amorim"]
[Black "Montufar Berrios, Lesly Viviane"]
[Result "1-0"]
[WhiteElo "2464"]
[BlackElo "1744"]
[PlyCount "161"]
[EventDate "2013.10.04"]
[EventType "swiss"]
[EventRounds "6"]
[EventCountry "BRA"]
[SourceTitle "EXT 2014"]
[Source "ChessBase"]
[SourceDate "2013.11.20"]
[SourceVersion "1"]
[SourceVersionDate "2013.11.20"]
[SourceQuality "1"]

1. e4 c5 2. Nf3 d6 3. Bb5+ Bd7 4. Bxd7+ Qxd7 5. O-O Nf6 6. Qe2 e6 7. d4 cxd4 8.
Nxd4 Be7 9. Rd1 Nc6 10. c4 O-O 11. Nc3 a6 12. b3 Qc7 13. Bb2 Rad8 14. Nc2 Nd7
15. Rd3 Nde5 16. Rg3 Bf6 17. Ne3 Ng6 18. Ng4 Bh4 19. Rh3 Nf4 20. Qf3 Nxh3+ 21.
Qxh3 Qe7 22. Ne2 Ne5 23. Qc3 Qg5 24. Ne3 Ng4 25. Nxg4 Qxg4 26. h3 Qg6 27. Nf4
Qh6 28. Nh5 e5 29. g4 g6 30. Bc1 Bg5 31. Nf6+ Kg7 32. Bxg5 Qxg5 33. Nd5 f6 34.
Nc7 Rfe8 35. Nxe8+ Rxe8 36. Rd1 Rd8 37. Qg3 h5 38. gxh5 Qxh5 39. Qg4 Kh6 40. c5
Rc8 41. cxd6 Qxg4+ 42. hxg4 Rd8 43. Kg2 Kg7 44. Kg3 g5 45. Rc1 Rxd6 46. Rc7+
Kf8 47. Rxb7 Rc6 48. Kf3 Rc3+ 49. Kg2 Rc6 50. a3 Ke8 51. Ra7 Kd8 52. b4 Kc8 53.
Kf1 Kb8 54. Rf7 Kc8 55. Ke2 Rd6 56. Ke3 Kd8 57. f3 Kc8 58. Rh7 Kb8 59. Rh2 Kb7
60. Rc2 Kb6 61. Rc5 Kb7 62. Rd5 Rc6 63. Kd3 Kb6 64. a4 Kc7 65. b5 Rb6 66. Kc4
a5 67. Kc5 Rb8 68. Rd6 Rc8 69. Rc6+ Kb7 70. Rxc8 Kxc8 71. Kd6 Kb7 72. Ke6 Kb6
73. Kxf6 Kc5 74. Kxe5 Kb4 75. b6 Kxa4 76. b7 Ka3 77. b8=Q a4 78. Kd4 Ka2 79.
Kc3 a3 80. Kc2 Ka1 81. Qb1# 1-0

[Event "Sao Sebastiao op"]
[Site "Sao Sebastiao"]
[Date "2013.10.04"]
[Round "2"]
[White "Cesarini da Silva, Leonardo"]
[Black "Barbosa, Evandro Amorim"]
[Result "0-1"]
[WhiteElo "1986"]
[BlackElo "2464"]
[PlyCount "85"]
[EventDate "2013.10.04"]
[EventType "swiss"]
[EventRounds "6"]
[EventCountry "BRA"]
[SourceTitle "EXT 2014"]
[Source "ChessBase"]
[SourceDate "2013.11.20"]
[SourceVersion "1"]
[SourceVersionDate "2013.11.20"]
[SourceQuality "1"]

1. d4 Nf6 2. c4 g6 3. Nc3 d5 4. Nf3 Bg7 5. Bg5 dxc4 6. e3 c5 7. Bxc4 cxd4 8.
Qxd4 Qa5 9. O-O Nc6 10. Qf4 O-O 11. Bh6 Bg4 12. Bxg7 Kxg7 13. Bb5 Bd7 14. Rfd1
Rac8 15. Rac1 Rfd8 16. h3 a6 17. Ba4 Be8 18. Bb3 Nb4 19. Qe5 Rc5 20. Qg3 Nd3
21. Rb1 Nxb2 22. Rxd8 Qxd8 23. Rxb2 Rxc3 24. Rd2 Rc1+ 25. Kh2 Qa5 26. Rd4 Bc6
27. Qe5 Qc5 28. Qxc5 Rxc5 29. Nd2 b5 30. Nf1 a5 31. Ng3 e5 32. Rd6 a4 33. Bd1
Bd5 34. a3 Rc3 35. Be2 Rxa3 36. Bxb5 Ra1 37. e4 Be6 38. f3 a3 39. Ra6 a2 40.
Ne2 Rb1 41. Bd3 a1=Q 42. Rxa1 Rxa1 43. f4 0-1

[Event "Sao Sebastiao op"]
[Site "Sao Sebastiao"]
[Date "2013.10.05"]
[Round "3"]
[White "Barbosa, Evandro Amorim"]
[Black "Rezende, Guilherme Vilela"]
[Result "1-0"]
[WhiteElo "2464"]
[BlackElo "2108"]
[PlyCount "75"]
[EventDate "2013.10.04"]
[EventType "swiss"]
[EventRounds "6"]
[EventCountry "BRA"]
[SourceTitle "EXT 2014"]
[Source "ChessBase"]
[SourceDate "2013.11.20"]
[SourceVersion "1"]
[SourceVersionDate "2013.11.20"]
[SourceQuality "1"]

1. e4 c5 2. Nf3 d6 3. d4 cxd4 4. Nxd4 Nf6 5. Nc3 a6 6. Be3 e5 7. Nb3 Be7 8. f3
Be6 9. Qd2 h5 10. Nd5 Nxd5 11. exd5 Bf5 12. c4 b6 13. Be2 Nd7 14. O-O g5 15.
Bd3 Bxd3 16. Qxd3 Nc5 17. Qc2 Qd7 18. Nd2 f5 19. b4 Na4 20. c5 bxc5 21. bxc5
Nxc5 22. Nc4 Na4 23. Rab1 O-O 24. Rb4 Nc5 25. Bxc5 dxc5 26. Rb6 Bf6 27. Rd1 Ra7
28. Re6 e4 29. fxe4 Bd4+ 30. Kh1 Qh7 31. e5 h4 32. Nd6 h3 33. Rf1 hxg2+ 34.
Qxg2 Rg7 35. Ne8 Rg6 36. Nf6+ Rfxf6 37. exf6 Bxf6 38. Rxf5 1-0

[Event "Sao Sebastiao op"]
[Site "Sao Sebastiao"]
[Date "2013.10.05"]
[Round "4"]
[White "Carneiro, Vitor Roberto Castr"]
[Black "Barbosa, Evandro Amorim"]
[Result "1-0"]
[WhiteElo "2253"]
[BlackElo "2464"]
[PlyCount "127"]
[EventDate "2013.10.04"]
[EventType "swiss"]
[EventRounds "6"]
[EventCountry "BRA"]
[SourceTitle "EXT 2014"]
[Source "ChessBase"]
[SourceDate "2013.11.20"]
[SourceVersion "1"]
[SourceVersionDate "2013.11.20"]
[SourceQuality "1"]

1. c4 c5 2. g3 Nc6 3. Bg2 g6 4. Nc3 Bg7 5. Nf3 e5 6. a3 d6 7. b4 e4 8. Ng1 f5
9. Rb1 Nf6 10. Nh3 O-O 11. O-O h6 12. Nf4 g5 13. Nfd5 Nxd5 14. Nxd5 cxb4 15.
axb4 Be6 16. d3 Bxd5 17. cxd5 Ne5 18. dxe4 f4 19. Bb2 Qd7 20. gxf4 gxf4 21. Kh1
Kh8 22. Qb3 Qg4 23. Bxe5 Bxe5 24. Qh3 h5 25. f3 Qg5 26. Qd7 Rad8 27. Qb5 Bd4
28. Qd3 Be3 29. e5 Rd7 30. exd6 Rg8 31. Bh3 Rdg7 32. Qc3 Kh7 33. Qe1 Kh6 34.
Rd1 a6 35. d7 Rxd7 36. d6 Rg6 37. Qc3 Rdg7 38. Qe1 Rg8 39. d7 b6 40. d8=Q Rxd8
41. Rxd8 Qxd8 42. Qa1 Bd4 43. Qd1 Qf6 44. Qd3 Qe7 45. Qb1 Rg5 46. Rc1 Rg6 47.
Bf5 Rd6 48. Rd1 Qe5 49. Qc2 Rf6 50. Be4 Be3 51. Qc8 Rf7 52. Qc6+ Rf6 53. Qd7
Qe6 54. Qh7+ Kg5 55. Rd5+ Qxd5 56. Bxd5 Bd4 57. Qg7+ Kf5 58. Qh7+ Kg5 59. h4+
Kxh4 60. Bf7 Kg3 61. Qxh5 Kf2 62. Qh2+ Ke1 63. e3 Bxe3 64. Qh4+ 1-0

[Event "Sao Sebastiao op"]
[Site "Sao Sebastiao"]
[Date "2013.10.06"]
[Round "5"]
[White "Barbosa, Evandro Amorim"]
[Black "Brandao, Renan Alves"]
[Result "1-0"]
[WhiteElo "2464"]
[BlackElo "2089"]
[PlyCount "75"]
[EventDate "2013.10.04"]
[EventType "swiss"]
[EventRounds "6"]
[EventCountry "BRA"]
[SourceTitle "EXT 2014"]
[Source "ChessBase"]
[SourceDate "2013.11.20"]
[SourceVersion "1"]
[SourceVersionDate "2013.11.20"]
[SourceQuality "1"]

1. e4 c5 2. Nf3 Nc6 3. Bb5 g6 4. Bxc6 dxc6 5. d3 Bg7 6. h3 e5 7. Nc3 Qd6 8. Be3
Nf6 9. Qd2 h6 10. O-O Nd7 11. Nh2 g5 12. Ne2 Nf8 13. Ng3 Ng6 14. Nh5 Rg8 15. a3
Nf4 16. Nxg7+ Rxg7 17. b4 b6 18. bxc5 bxc5 19. Kh1 h5 20. Qc3 Ne6 21. Nf3 Nd4
22. Bxd4 cxd4 23. Qb4 c5 24. Qb5+ Bd7 25. Qb7 Rc8 26. Nd2 Qe7 27. Nc4 g4 28. g3
h4 29. Qd5 Rh7 30. Nd6+ Kf8 31. Nxc8 Bxc8 32. Rab1 Qf6 33. Qxc5+ Kg7 34. Qxc8
Qf3+ 35. Kg1 gxh3 36. Qxh3 Rh5 37. Qg2 Qf6 38. f4 1-0

[Event "Sao Sebastiao op"]
[Site "Sao Sebastiao"]
[Date "2013.10.06"]
[Round "6"]
[White "Oliveira, Fernando Henrique"]
[Black "Barbosa, Evandro Amorim"]
[Result "1/2-1/2"]
[WhiteElo "2117"]
[BlackElo "2464"]
[PlyCount "68"]
[EventDate "2013.10.04"]
[EventType "swiss"]
[EventRounds "6"]
[EventCountry "BRA"]
[SourceTitle "EXT 2014"]
[Source "ChessBase"]
[SourceDate "2013.11.20"]
[SourceVersion "1"]
[SourceVersionDate "2013.11.20"]
[SourceQuality "1"]

1. d4 Nf6 2. c4 g6 3. Nc3 d5 4. Nf3 Bg7 5. cxd5 Nxd5 6. g3 Nb6 7. Bg2 Nc6 8.
O-O O-O 9. Bf4 Bg4 10. d5 Bxf3 11. Bxf3 Ne5 12. Bg2 Nec4 13. Qc1 Re8 14. a4 a5
15. Rd1 Qc8 16. Ra2 Nd6 17. b3 e5 18. dxe6 Qxe6 19. Nd5 Nxd5 20. Bxd5 Qf5 21.
Qxc7 Ne4 22. Bxe4 Qxe4 23. Rad2 Qb4 24. Qc2 Ra6 25. Rd8 Ra8 26. Rxa8 Rxa8 27.
Qc4 Qxc4 28. bxc4 h5 29. Rd7 b6 30. Bc7 Rc8 31. e3 Bf8 32. Bxb6 Rxc4 33. Rd8 f5
34. Bxa5 Rxa4 1/2-1/2

[Event "Bogota McGregor op 4th"]
[Site "Bogota"]
[Date "2013.12.06"]
[Round "4"]
[White "Barbosa, Evandro Amorim"]
[Black "Jaramillo Ochoa, Mateo"]
[Result "1/2-1/2"]
[WhiteElo "2461"]
[BlackElo "2159"]
[PlyCount "80"]
[EventDate "2013.12.04"]
[EventType "swiss"]
[EventRounds "9"]
[EventCountry "COL"]
[SourceTitle "CBM 157 Extra"]
[Source "ChessBase"]
[SourceDate "2013.12.19"]
[SourceVersion "1"]
[SourceVersionDate "2013.12.19"]
[SourceQuality "1"]

1. e4 e5 2. Nf3 Nc6 3. Bb5 Nf6 4. O-O Nxe4 5. Qe2 Nd6 6. Bxc6 dxc6 7. Qxe5+ Qe7
8. Qa5 Nc4 9. Qc3 Qb4 10. Re1+ Be6 11. Ng5 Qxc3 12. Nxc3 Kd7 13. Nxe6 fxe6 14.
Ne4 b6 15. Ng5 Re8 16. Nf7 Rg8 17. d3 Na5 18. Ne5+ Kd6 19. Bf4 Nb7 20. Re4 c5
21. Rd1 h6 22. h4 Ke7 23. h5 Nd6 24. Re2 a5 25. Rde1 Kd8 26. d4 Nf5 27. Nc6+
Kd7 28. d5 Bd6 29. Bxd6 Kxd6 30. c4 Nd4 31. Nxd4 cxd4 32. Rxe6+ Rxe6 33. Rxe6+
Kc5 34. Rc6+ Kb4 35. Kf1 Re8 36. Re6 Rd8 37. Ke2 Kxc4 38. Re7 Rxd5 39. Rxc7+
Rc5 40. Rxg7 Rxh5 1/2-1/2

[Event "Brasilia Abertura op"]
[Site "Brasilia"]
[Date "2014.02.21"]
[Round "1"]
[White "Barbosa, Edinardo Meireles"]
[Black "Santos, Samuel Silva"]
[Result "1-0"]
[WhiteElo "1718"]
[BlackElo "1718"]
[PlyCount "53"]
[EventDate "2014.02.21"]
[EventType "swiss"]
[EventRounds "5"]
[EventCountry "BRA"]
[SourceTitle "CBM 159 Extra"]
[Source "ChessBase"]
[SourceDate "2014.04.24"]
[SourceVersion "1"]
[SourceVersionDate "2014.04.24"]
[SourceQuality "1"]

1. d4 d5 2. c4 c6 3. Nf3 e6 4. Nc3 Nf6 5. Bg5 Be7 6. e3 h6 7. Bh4 O-O 8. Qc2
Nbd7 9. Rc1 dxc4 10. Bxc4 b5 11. Bd3 Ba6 12. O-O Nb6 13. a4 Qc8 14. axb5 cxb5
15. Nxb5 Nfd5 16. Bxe7 Nxe7 17. Qb3 Qb7 18. Rc7 Qb8 19. Rxe7 Nd5 20. Rd7 Nf6
21. Ne5 Qe8 22. Nd6 Qb8 23. Qxb8 Raxb8 24. Bxa6 Rxb2 25. Rb7 Rd2 26. Nd7 Nxd7
27. Rxd7 1-0

[Event "Brasilia Abertura op"]
[Site "Brasilia"]
[Date "2014.02.22"]
[Round "2"]
[White "Felix, Raimundo Nascimento"]
[Black "Barbosa, Edinardo Meireles"]
[Result "1/2-1/2"]
[WhiteElo "1994"]
[BlackElo "1718"]
[PlyCount "82"]
[EventDate "2014.02.21"]
[EventType "swiss"]
[EventRounds "5"]
[EventCountry "BRA"]
[SourceTitle "CBM 159 Extra"]
[Source "ChessBase"]
[SourceDate "2014.04.24"]
[SourceVersion "1"]
[SourceVersionDate "2014.04.24"]
[SourceQuality "1"]

1. e4 c5 2. c3 e6 3. d4 d5 4. e5 Nc6 5. Be3 Qb6 6. Qb3 Qxb3 7. axb3 cxd4 8.
cxd4 Bd7 9. Nd2 Bb4 10. Bd3 Na5 11. Bc2 Ne7 12. g4 O-O 13. f4 Rac8 14. Bd1 f6
15. Ne2 Bb5 16. Nc1 Nec6 17. Na2 Be7 18. Nc3 Bd3 19. h4 b6 20. Be2 Nb4 21. Rc1
fxe5 22. dxe5 d4 23. Bxd4 Rxf4 24. Be3 Bxe2 25. Bxf4 Nd3+ 26. Kxe2 Nxf4+ 27.
Kf3 Nd3 28. Rcg1 Nxb2 29. Nce4 Nd3 30. g5 Nxe5+ 31. Ke2 Nac6 32. Rc1 Nd4+ 33.
Kd1 Rd8 34. Rc7 Nec6 35. Kc1 Rf8 36. Kb2 Bd8 37. Rd7 Nf5 38. Rc1 Ne5 39. Rxa7
Nd3+ 40. Kc2 Nxc1 41. Kxc1 Nxh4 1/2-1/2

[Event "Brasilia Abertura op"]
[Site "Brasilia"]
[Date "2014.02.22"]
[Round "3"]
[White "Barbosa, Edinardo Meireles"]
[Black "Montufar Berrios, Lesly Viviane"]
[Result "0-1"]
[WhiteElo "1718"]
[BlackElo "1729"]
[PlyCount "102"]
[EventDate "2014.02.21"]
[EventType "swiss"]
[EventRounds "5"]
[EventCountry "BRA"]
[SourceTitle "CBM 159 Extra"]
[Source "ChessBase"]
[SourceDate "2014.04.24"]
[SourceVersion "1"]
[SourceVersionDate "2014.04.24"]
[SourceQuality "1"]

1. d4 Nf6 2. Nf3 g6 3. c4 Bg7 4. Nc3 O-O 5. Bg5 d6 6. g3 Nbd7 7. Bg2 h6 8. Bd2
e5 9. O-O c6 10. Qc1 Kh7 11. Rd1 e4 12. Ne1 d5 13. cxd5 cxd5 14. f3 Nb6 15.
fxe4 dxe4 16. e3 Bg4 17. Nxe4 Nxe4 18. Bxe4 Bxd1 19. Qxd1 Bxd4 20. Qb3 Bc5 21.
Nd3 Bd6 22. Rf1 Qe7 23. a4 Qe6 24. Qxe6 fxe6 25. Bxb7 Rxf1+ 26. Kxf1 Rb8 27.
Bc6 Nc4 28. Bc1 Na5 29. Bd7 Nb3 30. Bxe6 Nxc1 31. Nxc1 Rxb2 32. Ne2 Kg7 33. h3
Kf6 34. Bd7 Bc5 35. Nf4 Rd2 36. Bc6 g5 37. Ng2 Ke7 38. Bb5 Bd6 39. g4 Bg3 40.
Be2 Ra2 41. Bb5 Kd6 42. e4 Ke5 43. Bc6 Rf2+ 44. Kg1 Rc2 45. Bb5 Kxe4 46. Kf1
Rf2+ 47. Kg1 Rc2 48. Kf1 Kf3 49. Ne1+ Bxe1 50. Kxe1 Kg3 51. Bf1 Ra2 0-1

[Event "Brasilia Abertura op"]
[Site "Brasilia"]
[Date "2014.02.23"]
[Round "4"]
[White "Pereira da Silva, Evernandes"]
[Black "Barbosa, Edinardo Meireles"]
[Result "0-1"]
[WhiteElo "1775"]
[BlackElo "1718"]
[PlyCount "56"]
[EventDate "2014.02.21"]
[EventType "swiss"]
[EventRounds "5"]
[EventCountry "BRA"]
[SourceTitle "CBM 159 Extra"]
[Source "ChessBase"]
[SourceDate "2014.04.24"]
[SourceVersion "1"]
[SourceVersionDate "2014.04.24"]
[SourceQuality "1"]

1. d4 d5 2. Nf3 Nf6 3. Bf4 e6 4. h3 c5 5. c3 Nc6 6. e3 Qb6 7. Qc2 Bd7 8. Nbd2
Rc8 9. Qb3 Qxb3 10. Nxb3 cxd4 11. Nbxd4 a6 12. Be2 Be7 13. O-O O-O 14. Bh2 Ne4
15. Rad1 f6 16. c4 Rfd8 17. cxd5 exd5 18. a3 Na5 19. Nd2 Ba4 20. b3 Nxd2 21.
Rxd2 Nxb3 22. Nxb3 Bxb3 23. Rb2 Bc4 24. Bxc4 dxc4 25. Rxb7 Bxa3 26. Ra1 c3 27.
e4 c2 28. Bf4 Rd1+ 0-1

[Event "Brasilia Abertura op"]
[Site "Brasilia"]
[Date "2014.02.23"]
[Round "5"]
[White "Barbosa, Edinardo Meireles"]
[Black "Sa, Antonio Villar Marq"]
[Result "0-1"]
[WhiteElo "1718"]
[BlackElo "1971"]
[PlyCount "62"]
[EventDate "2014.02.21"]
[EventType "swiss"]
[EventRounds "5"]
[EventCountry "BRA"]
[SourceTitle "CBM 159 Extra"]
[Source "ChessBase"]
[SourceDate "2014.04.24"]
[SourceVersion "1"]
[SourceVersionDate "2014.04.24"]
[SourceQuality "1"]

1. d4 Nf6 2. Nf3 e6 3. c4 d5 4. Nc3 Be7 5. Bg5 b6 6. e3 Bb7 7. Rc1 Nbd7 8. Bd3
c5 9. O-O O-O 10. Re1 cxd4 11. exd4 dxc4 12. Bxc4 Rc8 13. Bb3 Re8 14. a3 Nf8
15. Ne5 Nd5 16. Bxe7 Rxe7 17. Nxd5 Bxd5 18. Rxc8 Qxc8 19. Bxd5 exd5 20. Qb3 Qc4
21. Qc3 Qxc3 22. bxc3 Rc7 23. Rc1 Ne6 24. Nf3 Rc4 25. Kf1 f6 26. Ne1 Nxd4 27.
Nd3 Nb5 28. Nb4 Rxc3 29. Rxc3 Nxc3 30. Nc6 a5 31. a4 Kf7 0-1

[Event "Rochefort op 13th"]
[Site "Rochefort"]
[Date "2014.02.22"]
[Round "7"]
[White "Lagarde, Maxime"]
[Black "Barbosa, Evandro Amorim"]
[Result "1/2-1/2"]
[WhiteElo "2514"]
[BlackElo "2459"]
[PlyCount "40"]
[EventDate "2014.02.22"]
[EventType "swiss"]
[EventRounds "9"]
[EventCountry "FRA"]
[SourceTitle "CBM 159 Extra"]
[Source "ChessBase"]
[SourceDate "2014.04.24"]
[SourceVersion "1"]
[SourceVersionDate "2014.04.24"]
[SourceQuality "1"]

1. d4 Nf6 2. c4 g6 3. Nc3 d5 4. cxd5 Nxd5 5. Bd2 Bg7 6. e4 Nxc3 7. Bxc3 O-O 8.
Qd2 c5 9. d5 Bxc3 10. Qxc3 Qd6 11. f4 e6 12. Bc4 b5 13. Bxb5 exd5 14. exd5 Nd7
15. Bxd7 Bxd7 16. Nf3 Bb5 17. Kf2 Rad8 18. Rad1 Rfe8 19. Rhe1 f6 20. g3 Rxe1
1/2-1/2

[Event "Cuiaba Contaud op"]
[Site "Cuiaba"]
[Date "2014.05.01"]
[Round "1"]
[White "Barbosa, Evandro Amorim"]
[Black "Dornelles, Marcio Neron Camarg"]
[Result "1-0"]
[WhiteElo "2472"]
[BlackElo "1920"]
[PlyCount "59"]
[EventDate "2014.05.01"]
[EventType "swiss"]
[EventRounds "6"]
[EventCountry "BRA"]
[SourceTitle "CBM 160 Extra"]
[Source "ChessBase"]
[SourceDate "2014.07.01"]
[SourceVersion "1"]
[SourceVersionDate "2014.07.01"]
[SourceQuality "1"]

1. e4 c5 2. Nf3 g6 3. Bc4 Bg7 4. c3 e6 5. d4 cxd4 6. Nxd4 Ne7 7. O-O O-O 8. Bg5
Nbc6 9. Nxc6 bxc6 10. Qd6 Nf5 11. Qd2 Ne7 12. Re1 d5 13. exd5 cxd5 14. Bxd5
Qxd5 15. Bxe7 Qxd2 16. Nxd2 Re8 17. Bc5 Rd8 18. Rad1 Rd5 19. Be3 Bb7 20. Nb3 a5
21. Nc5 Bc6 22. Rc1 a4 23. c4 Rdd8 24. b4 axb3 25. axb3 Rf8 26. Bf4 Rfc8 27. b4
Ra2 28. Be3 Bf8 29. b5 Be8 30. Ne4 1-0

[Event "Cuiaba Contaud op"]
[Site "Cuiaba"]
[Date "2014.05.02"]
[Round "2"]
[White "Abrantes, Tiago Garrido"]
[Black "Barbosa, Evandro Amorim"]
[Result "0-1"]
[WhiteElo "2125"]
[BlackElo "2472"]
[PlyCount "70"]
[EventDate "2014.05.01"]
[EventType "swiss"]
[EventRounds "6"]
[EventCountry "BRA"]
[SourceTitle "CBM 160 Extra"]
[Source "ChessBase"]
[SourceDate "2014.07.01"]
[SourceVersion "1"]
[SourceVersionDate "2014.07.01"]
[SourceQuality "1"]

1. e4 c5 2. Nf3 e6 3. d4 cxd4 4. Nxd4 Nf6 5. Nc3 d6 6. Be2 Be7 7. O-O O-O 8. f4
Nc6 9. Be3 Bd7 10. Qe1 Nxd4 11. Bxd4 Bc6 12. Qg3 g6 13. Bf3 b5 14. a3 a5 15. e5
dxe5 16. Bxc6 Qxd4+ 17. Kh1 Rac8 18. fxe5 Nh5 19. Qf3 b4 20. axb4 axb4 21. Ne2
Qxe5 22. Ba4 Qxb2 23. Bb3 Qe5 24. g3 Nf6 25. Ra7 Rc7 26. Rxc7 Qxc7 27. Nd4 Qc5
28. Nc6 Kg7 29. Nxe7 Qxe7 30. Rd1 Rd8 31. Rxd8 Qxd8 32. h4 Qd2 33. Kg1 h5 34.
Qf2 Qxf2+ 35. Kxf2 Ne4+ 0-1

[Event "Cuiaba Contaud op"]
[Site "Cuiaba"]
[Date "2014.05.02"]
[Round "3"]
[White "Barbosa, Evandro Amorim"]
[Black "Rodrigues, Edgar"]
[Result "1-0"]
[WhiteElo "2472"]
[BlackElo "2282"]
[PlyCount "119"]
[EventDate "2014.05.01"]
[EventType "swiss"]
[EventRounds "6"]
[EventCountry "BRA"]
[SourceTitle "CBM 160 Extra"]
[Source "ChessBase"]
[SourceDate "2014.07.01"]
[SourceVersion "1"]
[SourceVersionDate "2014.07.01"]
[SourceQuality "1"]

1. e4 e6 2. d4 d5 3. Nc3 Nf6 4. e5 Nfd7 5. f4 c5 6. Nf3 Nc6 7. Be3 a6 8. Qd2 b5
9. dxc5 Bxc5 10. Ne2 O-O 11. Bxc5 Nxc5 12. Ned4 Nxd4 13. Qxd4 Qc7 14. Bd3 Bb7
15. O-O Rac8 16. Rae1 f5 17. exf6 Rxf6 18. Ne5 Rcf8 19. Re3 h6 20. c3 Nxd3 21.
Rxd3 a5 22. Rg3 b4 23. Rff3 Rf5 24. h3 Ba6 25. Kh2 Be2 26. Rf2 Bh5 27. Re3 g5
28. g3 bxc3 29. bxc3 Qg7 30. Nd3 R5f6 31. Nc5 Qf7 32. Rg2 Bg6 33. Qe5 Rc8 34.
Nd7 Rf5 35. Qxe6 Qxe6 36. Rxe6 Bf7 37. Re3 d4 38. cxd4 Bd5 39. Rge2 Rc1 40. Re1
Rc2+ 41. R3e2 Rxa2 42. Rxa2 Bxa2 43. Ra1 Bb3 44. Nc5 a4 45. Ra3 gxf4 46. Nxb3
axb3 47. Rxb3 Kf7 48. Rf3 Kg6 49. Rxf4 Ra5 50. Kg2 Ra3 51. Rf3 Ra2+ 52. Rf2 Ra5
53. Rd2 Rd5 54. Kf3 Kf5 55. Ke3 Ke6 56. Rc2 Rg5 57. g4 Kd6 58. Rc4 Rg8 59. Rc5
Re8+ 60. Re5 1-0